000 00647nam a22002177a 4500
003 DO-SdBNP
005 20171130102407.0
008 171109b 1991 sp a ||||| |||| 00| 0 spa d
020 _a8440620713
040 _aBPMSU
_bspa
_cBPMSU
092 _axxxx
_bxxxx
245 0 0 _aLos Astros y la fortuna.
260 _aBarcelona :
_bEdiciones B,
_c1991.
300 _a155 p. ;
_c18 cm.
490 1 _aBiblioteca práctica (Ediciones B)
_v6
500 _a El futuro en tus manos.
830 _aBiblioteca práctica (Ediciones B)
_v 6
942 _2ddc
_cBK
945 _aInventariado extranjero /2017 BT
956 _aLOPEREZ
_b10
_c20171109
_d0041
999 _c12831
_d12831